000 00779nam a2200193Ia 4500
003 GCL
008 140319s9999 xx 000 0 ara d
040 _aGCL /
_cGCL
082 0 4 _a659.14
_bس د
100 1 _aمحمد صديق البهنسى
245 1 0 _aالدعايات التلفزيونية والتصميم الهندسى الرقمى /
_cمحمد صديق البهنسى
250 _aالاولى
260 _aالاردن :
_bمكتبة المجتمع العربى للنشر والتوزيع ،
_c2005
300 _a542 ص ؛
_c24 سم
650 0 4 _aالدعاية التليفزيونية
650 0 4 _aالحاسبات الالكترونية - برامج
650 0 4 _aالحاسبات الالكترونية - تصميمات هندسية
942 _2ddc
_cBK
999 _c34419
_d34419